| 000 | 00521cam a2200193ua 4500 | ||
|---|---|---|---|
| 020 |
_a0-8134-2258-2 _c17.00 |
||
| 041 |
_aeng _h |
||
| 082 |
_a631.372 _bBRO/TR |
||
| 100 | _aBrown, Arlon D . | ||
| 245 |
_aTractor and small engine maintenance / _cArlon D Brown. _hTextual Documents |
||
| 250 |
_a1 / _b. |
||
| 260 |
_aIllinois : _bInterstate printers and publishers , _c1983. |
||
| 300 | _a383 ; . | ||
| 365 | _a17.00 | ||
| 504 | _a | ||
| 700 | 1 | _aMack, Strickland R . | |
| 942 | _cBK | ||
| 999 |
_c9937 _d9937 |
||